| 000 | 01749nam a2200445Ii 4500 | ||
|---|---|---|---|
| 001 | DIGBIN07005 | ||
| 003 | NyNyDIG | ||
| 006 | m o d | ||
| 007 | cr ||||||||||| | ||
| 008 | 121101s2012 sp ob 000 0 spa d | ||
| 020 |
_a9788415555124 _q(eBook) |
||
| 020 | _z9788415555049 | ||
| 035 | _a(OCoLC)888258110 | ||
| 040 |
_aDGITA _beng _epn _cDGITA |
||
| 041 | 1 |
_aspa _hfre |
|
| 050 | 1 | 4 | _aHQ12 eBook |
| 100 | 1 |
_aFoucault, Michel, _d1926-1984. |
|
| 240 | 1 | 0 |
_aHistorie de la sexualité. _lSpanish |
| 245 | 1 | 0 |
_aHistoria de la sexualidad : _nvol. 1. _bla voluntad del saber / _cpor Michel Foucault [traducción de Ulises Guiñazú]. |
| 246 | 3 | 0 | _aVoluntad del saber |
| 250 | _a1. ed. en Editorial Biblioteca Nueva, | ||
| 264 | 1 |
_aMadrid : _bBiblioteca Nueva ; _a[México] : _bSiglo XXI editores, s.a., _cc2012. |
|
| 300 | _a1 online resource (152 pages) | ||
| 336 |
_atext _btxt _2rdacontent |
||
| 337 |
_acomputer _bc _2rdamedia |
||
| 338 |
_aonline resource _bcr _2rdacarrier |
||
| 490 | 1 | _aBiblioteca Clásica de Siglo XXI. | |
| 500 | _aTranslation of: Historie de la sexualité I: la volonté de savoir. Paris: Éditions Gallimard, 1970. 1st Spanish ed, : Mexico: Siglo XXI Editores, 1977. | ||
| 504 | _aIncludes bibliographical references. | ||
| 650 | 0 |
_aSex customs _xHistory. |
|
| 650 | 0 |
_aSexual ethics _xHistory. |
|
| 655 | 0 | _aElectronic books. | |
| 700 | 1 | _aGuiñazú, Ulises. | |
| 791 | 2 |
_aDigitalia (Firm), _edistributor. |
|
| 830 | 0 | _aBiblioteca Clásica de Siglo XXI (Siglo XXI Editores (Firm)) | |
| 793 | 0 |
_gDigitalia eBook Collection: _aBiblioteca Nueva |
|
| 856 | 4 | 0 |
_3Digitalia Hispánica _uhttps://www.digitaliapublishing.com/a/17611/ |
| 910 | _aPremium Collection: 2007-2012 | ||
| 942 | _cRAA | ||
| 999 |
_c235495 _d235495 |
||